|
|
|
|
| LEADER |
01257nam a2200265 a 4500 |
| 001 |
GR-MES15005 |
| 008 |
030822s2004 gr g b 001 b eng d |
| 020 |
|
|
|a 0471462470
|
| 040 |
|
|
|a GrPaTEI
|b gre
|c GR-PaULI
|
| 040 |
|
|
|a GrPaTEI
|b gre
|c GR-PaULI
|
| 082 |
|
0 |
|a 338.502
|2 21
|
| 100 |
1 |
|
|a Truett, Lila J.
|q (Lila Jean)
|
| 245 |
1 |
0 |
|a Managerial economics :
|b Analysis, problems, cases /
|c Lila J. Truett, Dale B. Truett.
|
| 250 |
|
|
|a 8th ed.
|
| 260 |
|
|
|a Hoboken, NJ :
|b Wiley,
|c c2004
|
| 300 |
|
|
|a vii, 325 σ. :
|b εικ. ;
|c 24 εκ.
|
| 504 |
|
|
|a Περιλαμβάνει βιβλιογραφία και ευρετήριο.
|
| 650 |
|
0 |
|a Managerial economics
|
| 650 |
|
4 |
|a ΟΙΚΟΝΟΜΙΚΟ ΜΑΝΑΤΖΜΕΝΤ
|
| 700 |
1 |
|
|a Truett, Dale B.
|
| 942 |
|
|
|2 ddc
|
| 952 |
|
|
|0 0
|1 0
|2 ddc
|4 0
|6 338_502000000000000_TRU
|7 0
|9 272860
|a MSLG
|b MSLG
|c BSC
|d 2021-01-17
|e 24
|f 0
|g 0.00
|l 0
|o 338.502 TRU
|p 2420000023535
|r 2021-01-17 00:00:00
|t 1
|w 2021-01-17
|y BK15
|x 20090326 0 ΤΣΑΝΤΑΡΛΙΩΤΗ 1
|x GrPaTEI
|
| 952 |
|
|
|0 0
|1 0
|2 ddc
|4 0
|6 338_502000000000000_TRU
|7 0
|9 272861
|a MSLG
|b MSLG
|c BSC
|d 2021-01-17
|e 24
|f 0
|g 0.00
|l 0
|o 338.502 TRU
|p 2420000024689
|r 2021-01-17 00:00:00
|t 1
|w 2021-01-17
|y BK15
|x 20150709 0 K.G. 1
|x GrPaTEI
|
| 971 |
|
|
|a .b25810546
|b 15-04-20
|c 13-09-16
|
| 999 |
|
|
|c 157895
|d 157895
|